| 000 | 00556nam a22001817a 4500 | ||
|---|---|---|---|
| 999 |
_c525322 _d525322 |
||
| 003 | NUST | ||
| 005 | 20190701055534.0 | ||
| 038 | _aMr. Zahoor | ||
| 082 | _a660 | ||
| 100 |
_aZafar, Nida _916129 |
||
| 245 |
_aEncapsulation of Urea Fertilizer in Fluidized Bed Coater Using Carboxylic Acids as Additives / _cNida Zafar |
||
| 260 |
_aIslamabad: _bSCME - NUST, _c2019. |
||
| 300 |
_aix, 64 p.: ill.; _b30cm. |
||
| 500 | _aHardcover | ||
| 650 |
_aChemical Engineering - MS Thesis _916130 |
||
| 700 |
_aDr. Muhammad Bilal Khan Nizai _916131 |
||
| 942 |
_2ddc _cTHE |
||